[Event "POL-ch U10"]
[Site "Sielpia"]
[Date "2023.03.11"]
[Round "9"]
[White "Bednarek, Jan"]
[Black "Olejko, Wojciech"]
[Result "1-0"]
[WhiteElo "1174"]
[BlackElo "1273"]
[PlyCount "109"]
[EventDate "2023.03.04"]
[EventType "swiss"]
[EventRounds "9"]
[EventCountry "POL"]
[SourceTitle "EXT 2024"]
[Source "ChessBase"]
[SourceDate "2023.10.10"]
[SourceVersion "1"]
[SourceVersionDate "2023.10.10"]
[SourceQuality "1"]
[WhiteTeam "Poland"]
[BlackTeam "Poland"]
[WhiteTeamCountry "POL"]
[BlackTeamCountry "POL"]

1. e4 e6 2. d4 d5 3. Nd2 Be7 4. Bd3 c5 5. Ngf3 dxe4 6. Nxe4 Nf6 7. Nxc5 Bxc5 8. dxc5 Qa5+ 9. c3 Qxc5 10. 0-0 0-0 11. Bg5 Nbd7 12. Re1 b6 13. Bf4 Re8 14. Ne5 Rd8 15. Qf3 Qd5 16. Nxd7 Rxd7 17. Qxd5 Nxd5 18. Be4 Bb7 19. Bg3 Rad8 20. h3 Ba6 21. Bf3 Nf6 22. Rad1 Kf8 23. Rxd7 Rxd7 24. Rd1 Ke7 25. Rxd7+ Nxd7 26. Bc7 Bc4 27. b3 Bd5 28. Be2 e5 29. Bb5 Be4 30. Kf1 Bb7 31. f3 e4 32. f4 Nc5 33. Ke2 a6 34. Bxb6 Nxb3 35. Bc4 Nc1+ 36. Ke3 Nd3 37. g3 f6 38. Bg8 g6 39. Bxh7 Kf7 40. f5 g5 41. Bg6+ Ke7 42. Bd4 Nb2 43. Bc5+ Kd7 44. Bf7 Nd1+ 45. Kd2 Nb2 46. h4 Nd3 47. h5 Ne5 48. Be6+ Ke8 49. h6 Nf7 50. h7 Nh8 51. Bd6 a5 52. c4 a4 53. Bc5 g4 54. Ke3 Bc6 55. Kf4 1-0

[Event "POL-ch U10"]
[Site "Sielpia"]
[Date "2023.03.09"]
[Round "7"]
[White "Bednarek, Jan"]
[Black "Bury, Marcel"]
[Result "1/2-1/2"]
[WhiteElo "1174"]
[BlackElo "1292"]
[PlyCount "125"]
[EventDate "2023.03.04"]
[EventType "swiss"]
[EventRounds "9"]
[EventCountry "POL"]
[SourceTitle "EXT 2024"]
[Source "ChessBase"]
[SourceDate "2023.10.10"]
[SourceVersion "1"]
[SourceVersionDate "2023.10.10"]
[SourceQuality "1"]
[WhiteTeam "Poland"]
[BlackTeam "Poland"]
[WhiteTeamCountry "POL"]
[BlackTeamCountry "POL"]

1. e4 c5 2. Nf3 Nc6 3. d4 cxd4 4. Nxd4 g6 5. Nc3 Bg7 6. Be3 Nf6 7. Bc4 Qa5 8. 0-0 d6 9. f3 0-0 10. Bb3 Bd7 11. Nxc6 Bxc6 12. Qd2 Rfd8 13. Bh6 d5 14. Bxg7 dxe4 15. Qh6 Qc5+ 16. Rf2 Ne8 17. fxe4 e6 18. Bf8 Qxf8 19. Qxf8+ Kxf8 20. Bxe6 f6 21. Bd5 Kg7 22. Raf1 Rd7 23. Bxc6 bxc6 24. Rd1 Rxd1+ 25. Nxd1 Rd8 26. Nc3 Kf7 27. Kf1 Ke6 28. Ke1 Nd6 29. Rd2 Ke5 30. b3 Re8 31. Kf2 Rf8 32. Ke3 f5 33. exf5 Nxf5+ 34. Kd3 Rd8+ 35. Ke2 Nd4+ 36. Kd1 Rf8 37. Kc1 Rf7 38. Kb2 Ne6 39. Re2+ Kd6 40. Ne4+ Kc7 41. Rd2 Kb6 42. Nd6 Rd7 43. Nc4+ Kc7 44. Rxd7+ Kxd7 45. Kc3 c5 46. Ne5+ Kd6 47. Nd3 Kd5 48. a4 a5 49. h3 h5 50. h4 Nf8 51. Nb2 Ke4 52. Nc4 Kf4 53. Kd3 Kg3 54. Ke3 Kxg2 55. Nxa5 g5 56. Nc4 gxh4 57. Nd2 h3 58. Nf3 h2 59. Nxh2 Kxh2 60. Kf3 h4 61. a5 h3 62. Kf2 Nd7 63. a6 1/2-1/2